| 000 | 01030namaa2200301 i 4500 | ||
|---|---|---|---|
| 003 | EG-GICUC | ||
| 005 | 20260608121707.0 | ||
| 008 | 260608s2000 ua ||||jr|||| 000 j ara d | ||
| 017 |
_a2000 / 7734 _bدار الكتب والوثائق القومية (مصر) |
||
| 040 |
_aEG-GiCUC _bara _cEG-GiCUC _dEG-GiCUC _erda |
||
| 043 | _af-ua--- | ||
| 082 | 0 | 4 |
_221 _a813.01 _bA3985 |
| 092 | 0 | 4 |
_221 _a813.01 _bA3985 |
| 099 | _a813.01 A3985 | ||
| 100 | 1 |
_aناصر، محمد _eمؤلف. |
|
| 245 | 1 | 0 |
_aأولى أول / _cمحمد ناصر على |
| 264 |
_aالقاهرة (مصر) : _bالمجلس الاعلى للثقافة، _c2000. |
||
| 300 |
_a82 صفحة _b؛ _c24 سم |
||
| 336 |
_2rdacontent _atext |
||
| 337 |
_2rdamedia _aUnmediated |
||
| 338 |
_2rdacarrier _avolume |
||
| 490 |
_aالكتاب الاول ؛ _v40. |
||
| 541 |
_aوزارة الثقافة ؛ _bالقاهرة ؛ _cإهداء ؛ _d2023. |
||
| 650 | 1 | 7 |
_aالقصص العربية _2qrmak |
| 651 | 1 | _2qrmak | |
| 905 | _aNermeen | ||
| 942 |
_2ddc _cBK _e21 _n0 |
||
| 999 |
_c180419 _d180419 |
||